000 00805nam a2200241Ia 4500
001 16715
003 GE_BSU
008 181216s||||||||xx |||||||||||||| ||und||
040 _cGE_BSU
080 _a821.161.1-311.6
100 _aვინოგრადოვი, ან.
245 _aშავი კონსული
245 _bისტორიული ამბავი 3 ნაწილად
245 _cმთარგმ. თ. სვანი
260 _aთბილისი
260 _bლიტერატურა და ხელოვნება
260 _c1965
300 _a387გვ. ; 21სმ.
653 _aისტორია
653 _aისტორიული ამბავი
653 _aშავი კონსული
942 _cBK
999 _c49780
_d49780